000 00650nam a22001937a 4500
999 _c15091
_d15091
003 OSt
082 _2631.56 AKH/PR
088 _aP 199
100 _aAKHILA B. G
_93994
245 _aProduct diversification of jackfruit
260 _aTavanur 2009
_bDepartment of Post Harvest Technology & Agricultural Processing
300 _a66
500 _aProduct diversification of jackfruit
520 _aJackfruit was considered as heavenly fruit by ancient people of Kerala.
700 _aShareena K. P
_93995
700 _aEr. Rajesh G. K (Guide)
_93483
856 _uhttps://drive.google.com/open?id=1ysseaP0a1nXGltvV7wNzRivs1sfAz2wu
942 _cPR